[Event "Amsterdam Science Park op-C 3rd"]
[Site "Amsterdam"]
[Date "2013.07.07"]
[Round "2"]
[White "Loos, Jaap"]
[Black "Loeve, Jaap"]
[Result "0-1"]
[WhiteElo "1647"]
[BlackElo "1717"]
[PlyCount "63"]
[EventDate "2013.07.06"]
[EventType "swiss"]
[EventRounds "9"]
[EventCountry "NED"]
[SourceTitle "CBM 155 Extra"]
[Source "ChessBase"]
[SourceDate "2013.08.26"]
[SourceVersion "1"]
[SourceVersionDate "2013.08.26"]
[SourceQuality "1"]

1. b4 e5 2. Bb2 d6 3. e4 Nf6 4. Nc3 Be7 5. Bc4 Nbd7 6. Nge2 Nb6 7. Bb3 Be6 8. 0-0 Nc4 9. Bc1 c6 10. d4 Nb6 11. d5 Bd7 12. Ng3 cxd5 13. exd5 Rc8 14. Nce4 Nxe4 15. Nxe4 f5 16. Nd2 0-0 17. c4 Kh8 18. a4 Be8 19. a5 Nd7 20. Ra3 Nf6 21. Ba2 Bh5 22. Qc2 Nxd5 23. Qb3 Nf6 24. f4 e4 25. Qe3 d5 26. Bb2 Bxb4 27. Rb3 Qxa5 28. Rxb4 Qxb4 29. Ba3 d4 30. Bxb4 dxe3 31. Bxf8 exd2 32. Bb3 0-1